000 01247aaa a2200241 4500
001 78337
003 BD-RjUL
005 20211209083123.0
008 210909s20061426su ||||| |||| 00| 0 ara d
020 _a9960113663 [9789960113661]
035 _a(BD-RjUL)78563
040 _aBD-RjUL
_beng
_cBD-RjUL
_dBD-RjUL
041 _aara
082 _223
_a297.811
_bSHK 2006
100 1 _a Shuwaier, Muhammad bin Saad ;; الشويعر، محمد بن سعد
_9247659
245 1 0 _aكشاف وفهارس :كتاب مجموع فتاوى ومقالات متنوعة لسماحة الشيخ عبد العزيز بن عبد الله بن عبد الرحمن بن باز kashaf wafaharis: kitab majmue fatawaa wamaqalat mutanawieat lisamahat alshaykh eabd aleaziz bin eabd allah bin eabd alrahman bin baz /
_c Mohammed bin Saad Shuweir ;; محمد بن سعد الشويعر
260 _aالرياض :
_bاإدارة مجلة البحوث الإسلامية الرئاسة العامة للبحوث العلمية والإفتاء،
_c2006
300 _a v. ; [660 p]. ;
_c23 cm
505 _aVol. 1-2.--
650 _aالفتاوي الشرعية
_vفهارس
_9247660
650 _aSharia Fatwas
_vindexes
_9123045
942 _2ddc
_cREF
999 _c78337
_d78337